000 00274nam a2200121 a 4500
008 101026s1986|||| d
100 1 _aMarec, Anton
245 1 0 _aZa vrcholom vrchol
260 _bSmena
_aBratislava
_c1986
020 _c18
041 _aslo
044 _axo
_cSK
999 _c12301
_d12301